000 00816nam a2200253Ia 4500
003 OSt
005 20220927110657.0
006 a|||||r|||| 00| 0
007 ta
008 220926b |||||||| |||| 00| 0 eng d
024 _a89561
037 _cReports
040 _aRTL
_cRTL
_beng
041 _2eng
_aeng
082 _a"X9(J).223.N49t22N5, H9/GD"
110 _a"COCHIN, AGRARIAN PROBLEM (Enquiry Committee) (1949) (Chairman : K G Siva Swamy)"
_9379738
245 0 _aReprot
260 _aCochin
_bGovt Press
_c1949
300 _a423p.
_ccm.
650 _aAgriculture Industry
700 _a"COCHIN, AGRARIAN PROBLEM (Enquiry Committee) (1949) (Chairman : K G Siva Swamy)"
_9379739
942 _h"X9(J).223.N49t22N5, H9/GD"
_cCC
999 _c697610
_d697610